000 01130nam a2200289Ia 4500
001 ebr10309180
003 CaPaEBR
006 m u
007 cr cn|||||||||
008 090114s2009 ilu s 000 0 eng d
010 _z 2009001020
020 _z9781567933130 (alk. paper)
040 _aCaPaEBR
_cCaPaEBR
035 _a(OCoLC)526717873
050 1 4 _aRA971
_b.G363 2009eb
100 1 _aGarman, Andrew N.
245 1 4 _aThe healthcare c-suite
_h[electronic resource] :
_bleadership development at the top /
_cAndrew N. Garman and Carson F. Dye.
260 _aChicago :
_bHealth Administration Press,
_cc2009.
300 _axxiv, 187 p.
533 _aElectronic reproduction.
_bPalo Alto, Calif. :
_cebrary,
_d2009.
_nAvailable via World Wide Web.
_nAccess may be limited to ebrary affiliated libraries.
650 0 _aHealth services administrators.
650 0 _aLeadership.
655 7 _aElectronic books.
_2local
700 1 _aDye, Carson F.
710 2 _aebrary, Inc.
856 4 0 _uhttp://site.ebrary.com/lib/rucke/Doc?id=10309180
_zAn electronic book accessible through the World Wide Web; click to view
999 _c159606
_d159606